000 00682nam a2200217Ii 4500
003 JO-AjNU
008 230606s9999||||xx |||||||||||||| ||und||
020 _a81-317-0164-6
040 _aJO-AjNU
_beng
_erda
_cJO-AjNU
041 _aeng
050 1 4 _aHG6024.A3 B55 2006
100 3 _aBillingsley, Randall S,
_eauthor
_91533
245 0 0 _aUnderstanding arbitrage : an intuitive approach to financial analysis
250 _a1 ed
264 3 1 _aUpper Saddle River : Wharton School Pub, 2006
300 _a202p
_b Includes indexes(p190-202)
336 _atext
_btxt
_2rdacontent
337 _aunmediated
_bn
_2rdamedia
338 _avolume
_bnc
_2rdacarrier
650 4 _aArbitrage
_91534
999 _aE806
_c806
_d806